000 00493nam a22001697a 4500
005 20251108173008.0
008 250721s1973 xx 000 0 ara d
082 1 4 _a363.1/أور
100 1 _aأورفلي، علي
245 1 0 _aالنار : مكافحتها - الوقاية منها /
264 1 _aبيروت :
_bمؤسسة الرسالة،
_c1973.
300 _a655ص
650 1 7 _aالوقاية من الحريق
650 1 7 _aالحرائق
942 _2ddc
_cBK
999 _c93623
_d93623